000 00264nam a2200109Ia 4500
008 190216s9999||||xx |||||||||||||| ||und||
100 _aGupta R R & Gupta V S
245 0 _aAdvanced Accounting
260 _bA S Publications
_c1967
300 _a1276p
942 _cBK
999 _c3849
_d3849